Responses for Show #2564 - Thursday, October 26, 1995

Contestants

[<< previous game]

Tom Welch, an accountant originally from Bedford, Massachusetts

Therese Ellis, an Army sergeant from Woodbridge, Virginia

Steve Boyd, a Latin teacher from Hagerstown, Maryland (whose 1-day cash winnings total $8,200)

[next game >>]

Jeopardy! Round responses

U.S. CITIES
TV SITCOMS
FASHION HISTORY
1966
BLADES
CROSSWORD CLUES "A"
    $100 10
San Francisco

Steve
    $100 29
Ellen DeGeneres

Steve
    $100 1
gloves

Therese
    $100 16
the Moon

Tom
    $100 6
skate

Therese
    $100 20
aloha

Therese
    $200 12
Baltimore

Therese
    $200 30
(Alex: Cosmo, one of the popular characters in that series.)

Seinfeld

Steve
    $200 2
Doctor Zhivago

Steve
    $200 17
de Gaulle

Tom
    $200 7
a scythe

Steve
    $200 21
Acropolis

Steve
    $300 13
Columbus

Steve
    $300 25
Bewitched

Steve
    $300 3
bloomers

Therese
    $300 18
Ralph Nader

Tom
    $300 8
the shoulder blades

Steve
    $300 22
alpaca

Steve
    $400 14
Albuquerque

Steve
    $400 26
Night Court

Therese
    $400 4
sleeves

Steve
    $400 19
Sandy Koufax

Steve
    $400 9
(Steve: What is... Gillette?)

Wilkinson Sword

SteveTom
    $400 23
adder

Steve
    $500 15
Tulsa

Therese
    $500 27
That Girl

Therese
    $500 5
Dickens

Steve
    $1,500 28
Massachusetts

Therese
    $500 11
(Tom: What is a scimitar?)

a sabre

SteveTom
    $500 24
(Steve: What is adjustment?)

apostrophe

Steve
Triple Stumper

Scores at the first commercial break (after clue 15):

Steve Therese Tom
$2,500 $1,200 -$100

Scores at the end of the Jeopardy! Round:

Steve Therese Tom
$3,900 $3,700 $500

Double Jeopardy! Round responses

THE MIDDLE AGES
HEALTH & MEDICINE
COLLEGES & UNIVERSITIES
THE LIBRARY OF CONGRESS
WORLD GEOGRAPHY
LITERARY TERMS
    $200 10
(Alex: Well done in the MIDDLE AGES category.)
[Applause]

Muhammad

Steve
    $200 23
(Alex: We have a minute to go.)

blood pressure

Tom
    $200 1
the University of Texas

Therese
    $200 21
the librarian

Steve
    $200 16
(the Strait of) Gibraltar

Steve
    $200 11
the beat

Steve
    $400 9
Shogun

Steve
    $400 30
tuberculosis

Steve
    $400 2
the University of Florida

Therese
    $400 22
the Gutenberg Bible

Steve
    $400 17
South Africa

Tom
    $400 12
a trilogy

Tom
    $600 6
Heloise

Steve
    $600 28
epilepsy

Tom
    $600 3
Mobile

Tom
    $600 29
Civilization

Steve
    $1,000 18
Prince Edward Island

Tom
    $600 13
haiku

Steve
    $800 7
Sanskrit

Steve
    $800 27
(Therese: What is measles?)

chicken pox

Therese
Triple Stumper
    $800 4
Brown

Therese
    $800 25
Zapruder

Tom
    $800 19
Romania

Steve
    $800 14
the saints

Tom
    $1000 8
Alfred the Great

Steve
    $1000 26
Ibuprofen

Tom
    $1000 5
Olympia

Steve
    $1000 24
poetry

Tom
    $1000 20
Norway

Tom
    $1,000 15
a vignette

Tom

Scores at the end of the Double Jeopardy! Round:

Steve Therese Tom
$11,300 $4,300 $9,300

[wagering suggestions for these scores]

Final Jeopardy! Round responses

SECRETARIES OF STATE
(Alex: [To Therese] Referring to Alaska, of course.)
ThereseWho was Seward?
$4,200
TomWho was Seward?
$4,912
SteveWho is Dulles?
$7,301
(William) Seward

Final scores:

Steve Therese Tom
$3,999 $8,500 $14,212
3rd place: Sanyo 6-disc mini shelf system + GameTek Jeopardy! 2nd place: Gibson refrigerator freezer & Sunworthy wall coverings + GameTek Jeopardy! New champion: $14,212

Game dynamics:

Coryat scores:

Steve Therese Tom
$11,300 $3,300 $8,900
30 R,
2 W
12 R
(including 1 DD),
1 W
16 R
(including 2 DDs),
1 W

Combined Coryat: $23,500

[game clues] [game scores] [suggest correction]

Game tape date: Unknown
The J! Archive is created by fans, for fans. Scraping, republication, monetization, and malicious use prohibited; this site may use cookies and collect identifying information. See terms. The Jeopardy! game show and all elements thereof, including but not limited to copyright and trademark thereto, are the property of Jeopardy Productions, Inc. and are protected under law. This website is not affiliated with, sponsored by, or operated by Jeopardy Productions, Inc. Join the discussion at JBoard.tv.